• 首页
  • 本馆介绍
  • 公告通知
  • 最新文献
  • 馆藏检索
  • 电子资源
  • 读者导购
  • 参考咨询
  • 我的图书馆
  • 登录
  • 详细信息显示
  • 放入我的书架
  • 预约/预借图书
  • 作者相关作品
  • 分类相关作品
  • 丛书相关作品
  • 出版社相关作品

书目信息

  • 表格格式
  • 工作单格式
  • 卡片格式
题名:
黄土高原东部平原区作物节水减肥栽培理论与技术
    
 
作者: 武雪萍 , 廖允成 , 查燕 著
分册:  
出版信息: 北京   中国农业出版社  2019.10
页数: 559页
开本: 24cm
丛书名:
单 册:
中图分类: S510.6
科图分类:
主题词: 黄土高原--huang tu gao yuan--粮食作物--肥水管理
电子资源:
ISBN: 978-7-109-26090-0
000 01214nam0 2200265 450
001 0106081839
005 20201106082045.0
010    @a978-7-109-26090-0@dCNY85.00
100    @a20200713d2019 em y0chiy50 ea
101 0  @achi
102    @aCN@b110000
105    @ay z 000yy
106    @ar
200 1  @a黄土高原东部平原区作物节水减肥栽培理论与技术@Ahuang tu gao yuan dong bu ping yuan qu zuo wu jie shui jian fei zai pei li lun yu ji shu@f武雪萍, 廖允成, 查燕等著
210    @a北京@c中国农业出版社@d2019.10
215    @a559页@d24cm
330    @a本书以保障粮食安全和农业资源高效利用为出发点,针对小麦玉米生产存在的问题,以实现黄土高原东部平原区粮食增产增效为目标,以提高水肥利用效率为核心,选择山西晋中平川区、晋南临汾盆地、运城盆地和陕西关中平原4个区域,围绕小麦、玉米少免耕技术、作物水肥协同管理与高效利用技术、作物高产高效栽培技术三项关键技术,开展了理论研究和技术集成。
606 0  @a黄土高原@Ahuang tu gao yuan@x粮食作物@x肥水管理
607    @a黄土高原@Ahuang tu gao yuan@x粮食作物@x肥水管理
690    @aS510.6@v5
701  0 @a武雪萍@Awu xue ping@4著
701  0 @a廖允成@Aliao yun cheng@4著
701  0 @a查燕@Azha yan@4著
801  0 @aCN@bBJSZM@c20201106
905    @b1192956-9@dS510.6@e123@f4
    
    黄土高原东部平原区作物节水减肥栽培理论与技术/武雪萍, 廖允成, 查燕等著.-北京:中国农业出版社,2019.10
    559页;24cm
    
    
    ISBN 978-7-109-26090-0:CNY85.00
    本书以保障粮食安全和农业资源高效利用为出发点,针对小麦玉米生产存在的问题,以实现黄土高原东部平原区粮食增产增效为目标,以提高水肥利用效率为核心,选择山西晋中平川区、晋南临汾盆地、运城盆地和陕西关中平原4个区域,围绕小麦、玉米少免耕技术、作物水肥协同管理与高效利用技术、作物高产高效栽培技术三项关键技术,开展了理论研究和技术集成。
●
相关链接 在E读中查询图书 在五车中查询图书 在当当中查询图书 在豆瓣中查询图书


正题名:黄土高原东部平原区作物节水减肥栽培理论与技术     索取号:S510.6/123         预约/预借

序号 登录号 条形码 馆藏地/架位号 状态 备注
1 1192956   211929564   第二样本阅览室/ [索取号:S510.6/123] 在馆    
2 1192957   211929573   第三借阅区/ [索取号:S510.6/123] 在馆    
3 1192958   211929582   第三借阅区/ [索取号:S510.6/123] 在馆    
4 1192959   211929591   第三借阅区/ [索取号:S510.6/123] 在馆    
唐山师范学院图书馆 欢迎您!
大连网信软件有限公司© 版权所有